=LDR 00000nam 2200000 4500 =001 NUTBA000000000003462 =005 20140819155616.0 =006 =007 =008 =035 ##$$a 0010-081400000000307 =040 ##$$a NBPDMAT =082 ##$$a 510 =090 ##$$a 510 $b Bon l =100 ##$$a Bony Parulian J.M =245 ##$$a LKS utama matematika kelas ix semester 2 / $c Bony Parulian J.M. ; penyunting, Diah Martina Sawitri =260 ##$$a Jakarta : $b Dian Rkyat, $c 2007 =300 ##$$a 80 hlm. ; $c 27 cm. =440 ##$$a NBPDMAT =650 ##$$a Matematika SMP - LKS =700 ##$$a Diah Martina Sawitri =850 ##$$a NBPDMAT =990 ##$$a 21407447